Business Accounting (Record no. 1365)

MARC details
005 - DATE AND TIME OF LATEST TRANSACTION
control field 20250627140616.0
020 ## - INTERNATIONAL STANDARD BOOK NUMBER
International Standard Book Number 978-1-292-08466-4
082 ## - DEWEY DECIMAL CLASSIFICATION NUMBER
Classification number 657 WOO
100 ## - MAIN ENTRY--PERSONAL NAME
Author name FRANK, W.
245 ## - TITLE STATEMENT
Title Business Accounting
260 ## - PUBLICATION, DISTRIBUTION, ETC.
Place of publication, distribution, etc. Harlow,
Name of publisher, distributor, etc. Pearson Education Ltd,
Date of publication, distribution, etc. 2015.
300 ## - PHYSICAL DESCRIPTION
Extent xxiv, 1095p.: ill.;
Other physical details index,
Dimensions 25cm.
700 ## - ADDED ENTRY--PERSONAL NAME
Other authors/Editors SANGSTER , A.
856 ## - ELECTRONIC LOCATION AND ACCESS
Link text Access Online Book
Electronic name Accounting
Path www.pearson.com/uk
942 ## - ADDED ENTRY ELEMENTS (KOHA)
Source of classification or shelving scheme Dewey Decimal Classification
Koha item type Books
Holdings
Date last seen Total checkouts Full call number Barcode Cost, replacement price Price effective from Koha item type Lost status Source of classification or shelving scheme Damaged status Not for loan Withdrawn status Home library Current library Shelving location Date acquired Cost, normal purchase price
06/27/2025   657 WOO DOM000378 752625.00 06/27/2025 Books   Dewey Decimal Classification       CBE Dodoma CBE Dodoma General Collection 06/27/2017 250875.00
04/14/2025   657 WOO 0000005259 752625.00 04/14/2025 Books   Dewey Decimal Classification       College of Business Education Main Library College of Business Education Main Library General Collection 04/14/2025 250875.00
04/14/2025   657 WOO 0000005260 752625.00 04/14/2025 Books   Dewey Decimal Classification       College of Business Education Main Library College of Business Education Main Library General Collection 04/14/2025 250875.00